00577nam a22002175i 450000100090000000300050000900500170001400800120003101000060004302000300004904000220007904200080010108200160010910000220012524500660014726400520021330000130026533600260027833700280030433800270033220790368322820241029140303.0181221s2019 a  a9780198802310 (paperback) a bengerdac3228 apcc a287.03 ABRA1 aAbraham, William.10aMethodism :ba very short introduction /cWilliam J. Abraham. 1aNew York, NY :bOxford University Press,c2019. apages cm atextbtxt2rdacontent aunmediatedbn2rdamedia avolumebnc2rdacarrier